000 00273nam a22001217a 4500
008 170425b xxu||||| |||| 00| 0 eng d
041 _aeng
080 _a54
100 _a12
101 _aSHM
245 _aSYNTHESE DER KOHLENSTOFFVERBINDUNGEN
_cMEYER, H
942 _2udc
_cBK
999 _c12002
_d12002